Forest Products = Forest Products (Record no. 11877)

000 -LEADER
fixed length control field 00361nas a22001213u 4500
022 ## - INTERNATIONAL STANDARD SERIAL NUMBER
ISSN 1020-458X
040 ## - CATALOGING SOURCE
Transcribing agency WaSeSS
245 10 - TITLE STATEMENT
Title Forest Products = Forest Products
260 ## - PUBLICATION, DISTRIBUTION, ETC. (IMPRINT)
Place of publication [S.l.] :
Name of publisher [s.n.]
500 ## - GENERAL NOTE
General note Title from content provider.
856 40 - ELECTRONIC LOCATION AND ACCESS
Uniform Resource Identifier http://MY2VS8LV9P.search.serialssolutions.com/?V=1.0&L=MY2VS8LV9P&S=JCs&C=JC_022514882&T=marc
942 ## - ADDED ENTRY ELEMENTS (KOHA)
Koha item type សៀវភៅភាសាអង់គ្លេស

No items available.

មជ្ឈមណ្ឌលឯការនៃសាកលវិទ្យាល័យភូមិន្ទកសិកម្មចំការដូង

Powered by Koha